000
00308nam a22001337a 4500
020
_a
81-8269-590-2
082
_a
001
_b
KAU/S
100
_a
KAUR, PARMINDER
245
_a
TOP SCIENCE QUIZ
260
_a
DELHI
_b
BLACK ROSE PUBLICATIONS
_c
2009
300
_a
195
650
_a
GENERAL KNOWLEDGE
_z
INDIA
942
_c
BK
999
_c
6520
_d
6520